000 00683nam a2200253Ia 4500
005 20250425162031.0
008 250425s9999 xx 000 0 und d
020 _a8432968013
041 _aspa
082 _a621.38
100 _aHERMANN HUBER, K.
245 0 _aCIRCUITOS PRACTICOS DE ELECTRONICA: 55 CIRCUITOS ESPECIALES DE BAJA FRECUENCIA
250 _a2A ED.
260 _aBARCELONA
260 _aEspaƱa
_bCEAC
_c1980
300 _a173
500 _aConsultar 24489, 24490, 24491 v.1 en BIBTEC
650 _aAMPLIFICADORES
650 _aCIRCUITOS DE BAJA FRECUENCIA
650 _aCIRCUITOS ELECTRONICOS
650 _aFILTROS
942 _c01
010 _a41411
999 _c221015
_d221015